Is it in Florida? Sudden Death & Whammies - Statistics

General Stats
  • This quiz has been taken 23 times
  • The average score is 19 of 25
Answers on the Grid
Answers color-coded by a green-red scale on the quiz's grid according to % correct below.
Tallahassee
Tampa
St. Petersburg
Fresno
Cape Canaveral
Kennedy Space Center
Lyndon B. Johnson Space Center
penguins
key deer
manatees
Florida bog frog
Walt Disney World
Stone Mountain
Miami
800 miles of beaches
Lake Okeechobee
Lake Wobegon
the country's largest citrus farms
black bears
Lake Kissimmee
350 miles of coral reef
Dry Tortugas National Park
alligators
Minneapolis
Little Havana neighborhood
Suwannee River
Everglades National Park
Panama Canal
Seminole and Miccosukee native tribes
Asheville
Gainesville
St. Augustine
Lake Pontchartrain
Komodo dragons
Jacksonville
Key West
 
Answer Stats
Answer % Correct
800 miles of beaches
95%
alligators
95%
Tampa
95%
Jacksonville
90%
Kennedy Space Center
90%
Miami
90%
Tallahassee
90%
Cape Canaveral
85%
Everglades National Park
85%
Key West
85%
Little Havana neighborhood
85%
Walt Disney World
85%
Gainesville
80%
Seminole and Miccosukee native tribes
80%
Lake Kissimmee
75%
St. Augustine
75%
St. Petersburg
75%
Florida bog frog
65%
manatees
65%
Dry Tortugas National Park
60%
Lake Okeechobee
60%
350 miles of coral reef
55%
Suwannee River
55%
key deer
45%
black bears
30%
No matching quizzes found
Score Distribution
Percent of People with Each Score
Percentile by Number Answered
Your Score History
You have not taken this quiz